000 00544nam a22001937a 4500
003 OSt
005 20151029134231.0
008 130625t xxu||||| |||| 00| 0 eng d
020 _a0330492497
050 _aPR 6058
_b.H395 2003
082 _aIB 823.914
_bH31t 2003
100 _aHawksley, Humphrey
245 _aThe third world war :
_ba terrifying novel of global conflict /
_cHumphrey Hawksley.
260 _aLondon :
_bPan Macmillan,
_cc2003.
300 _a514 p. ;
_c18 cm.
562 _e1
942 _2lcc
_cBK
999 _c3107
_d3107